000
00323nam a2200133Ia 4500
005
20260326100044.0
008
260326s9999||||xx |||||||||||||| ||und||
100
_a
Kappelmacher, Carola
245
0
_a
Kenzo Tange /
_c
Carola Kappelmacher
260
_b
Gustavo Gili
300
_a
240 p.
650
_a
ARQUITECTOS
942
_c
BK
999
_c
7124
_d
7124